00483nam a2200169Ia 4500003000400000008004100004040001600045082002000061100002000081245009400101700002100195260002700216650001600243650001300259650002000272650002100292GCL140319s9999 xx 000 0 eng d aGCL / cGCL04aCHb745.59bS I1 aSMITH, THOMAS F10aI CAN HAVE A PARTY: SIMPLE - TO - MAKE PARTY IDEAS FOR YOUNG CHILDREN / cSMITH, THOMAS F1 aSMITH, THOMASINA a[S.N] : bLORENZ BOOKS04aHANDICRAFTS04aCHILDREN04aDECORATIVE ARTS04aCHILDREN - BOOKS